Wykluczanie według kategorii - państwa #3 - Statystyki

Ogólne statystyki
  • Ten quiz został rozwiązany 494 razy
  • Średni wynik to 15 z 20
Statystyki odpowiedzi
Grupa # Kategoria % Poprawnych
Zielona 93 Państwa w Europie lub Azji
100%
Zielona 39 ... z co najmniej 8 literami
99%
Zielona 16 ... które nie mają dostępu do morza
99%
Niebieska 152 Państwa z czerwonym kolorem na fladze narodowej
97%
Niebieska 102 ... z co najmniej 5 milionami ludzi
97%
Pomarańczowa 77 Państwa zaczynające się na literę po M
95%
Zielona 5 ... o powierzchni ponad 300 000 km²
92%
Pomarańczowa 42 ... z niebieskim na fladze narodowej
92%
Niebieska 32 ... zawiera literę S
90%
Fioletowa 104 Państwa o powierzchni ponad 100 000 km²
90%
Pomarańczowa 31 ... którego stolica znajduje się na półkuli północnej
88%
Fioletowa 51 ... z maksymalną wysokością ponad 3000m
87%
Pomarańczowa 5 ... z linią brzegową dłuższą niż 10 000 km
79%
Niebieska 14 ... którego stolica znajduje się w Azji
72%
Fioletowa 25 ... mają kolor zielony na fladze narodowej
71%
Zielona 1 ... którego stolica leży na północ od Paryża Kazachstan
69%
Pomarańczowa 1 ... i zawiera G w nazwie Norwegia
54%
Fioletowa 6 ... są śródlądowe
43%
Niebieska 1 ... o powierzchni ponad 1 000 000 km² Indonezja
10%
Fioletowa 1 ... i składają się z więcej niż jednego słowa Sudan Południowy
10%
Nie znaleziono quizów pasujących do podanych kryteriów
Rozkład punktacji
Procent ludzi z każdym wynikiem
Percentyl według liczby udzielonych odpowiedzi
Twoja historia wyników
Nie rozwiązałeś tego quizu